书目信息 |
| 题名: |
生物利用度控制
|
|
| 作者: | 李安良 主编 | |
| 分册: | ||
| 出版信息: | 北京 化学工业出版社 2004 |
|
| 页数: | 359页 | |
| 开本: | 24cm | |
| 丛书名: | ||
| 单 册: | ||
| 中图分类: | R96 | |
| 科图分类: | ||
| 主题词: | 药理学 | |
| 电子资源: | ||
| ISBN: | 7-5025-5395-9 | |
| 000 | 00859nam0 2200229 45 | |
| 001 | 002704715 | |
| 005 | 20050329102244.5 | |
| 010 | @a7-5025-5395-9@dCNY58.00 | |
| 100 | @a20040820d2004 em y0chiy0110 ea | |
| 101 | 0 | @achi |
| 102 | @aCN@b110000 | |
| 105 | @ay z 001yy | |
| 200 | 1 | @a生物利用度控制@Asheng wu li yong du kong zhi@e药物化学原理、方法和应用@EYao Wu Hua Xue Yuan Li、Fang Fa He Ying Yong@f李安良主编@FLi An Liang Zhu Bian |
| 210 | @a北京@c化学工业出版社@d2004 | |
| 215 | @a359页@d24cm | |
| 330 | @a本书阐述了载体前药、生物前体药物、软药和孪药,生物利用度控制的意义和方法,论述了药物靶向作用、局部用药和导向酶前药等内容。 | |
| 517 | @a药物化学原理、方法和应用@AYao Wu Hua Xue Yuan Li、Fang Fa He Ying Yong | |
| 606 | 0 | @a药理学 |
| 690 | @aR96@v4 | |
| 701 | 0 | @a李安良@4主编 |
| 801 | 0 | @aCN@bNLC@c20040913 |
| 905 | @b346699-700@dR96@e33@f2 | |
| 生物利用度控制:药物化学原理、方法和应用/李安良主编.-北京:化学工业出版社,2004 |
| 359页;24cm |
| ISBN 7-5025-5395-9:CNY58.00 |
| 本书阐述了载体前药、生物前体药物、软药和孪药,生物利用度控制的意义和方法,论述了药物靶向作用、局部用药和导向酶前药等内容。 |
| ● |
| 相关链接 |
|
|
|
|
正题名:生物利用度控制
索取号:R96/33
 
预约/预借
| 序号 | 登录号 | 条形码 | 馆藏地/架位号 | 状态 | 备注 |
| 1 | 0346699 | 203466999 | 第二样本阅览室/ [索取号:R96/33] | 在馆 | |
| 2 | 0346700 | 203467006 | 第三借阅区/ [索取号:R96/33] | 在馆 |